| 000 | 00565nam a22001937a 4500 | ||
|---|---|---|---|
| 005 | 20251108164811.0 | ||
| 008 | 250721s9999 xx 000 0 ara d | ||
| 082 | 1 | 4 | _a844/كام |
| 100 | 1 | _aكامو، البير | |
| 245 | 1 | 0 | _aأعراس / |
| 264 | 1 |
_aبيروت : _bدار مكتبة الحياه، _c[19-]. |
|
| 300 | _a91ص. | ||
| 650 | 1 | 7 | _aالأدب الفرنسي |
| 650 | 1 | 7 | _aالمقالات الأدبية |
| 650 | 1 | 7 | _aالمقالات الفرنسية |
| 700 | 1 |
_aطرابيشي، جورج _eترجمة |
|
| 942 |
_2ddc _cBK |
||
| 999 |
_c14665 _d14665 |
||